000
00304nam a22001097a 4500
008
230623b xxu||||| |||| 00| 0 eng d
082
_a
330.9
_b
EAC 2004
245
_a
Report of the Committee on Fast Tracking East African Federation
260
_a
Tanzania
_b
EAC
_c
2004
300
_a
VII,378p
942
_2
ddc
_c
BK
999
_c
2519
_d
2519